[Event "Ghent Taminco op 36th"]
[Site "Ghent"]
[Date "2013.07.20"]
[Round "1"]
[White "Sumets, Andrey"]
[Black "Van der Stricht, Jan"]
[Result "1-0"]
[WhiteElo "2583"]
[BlackElo "1890"]
[PlyCount "61"]
[EventDate "2013.07.20"]
[EventType "swiss"]
[EventRounds "9"]
[EventCountry "BEL"]
[SourceTitle "CBM 155 Extra"]
[Source "ChessBase"]
[SourceDate "2013.08.26"]
[SourceVersion "1"]
[SourceVersionDate "2013.08.26"]
[SourceQuality "1"]

1. d4 d6 2. e4 g6 3. c4 Bg7 4. Ne2 Nc6 5. d5 Nb8 6. Nec3 a5 7. Be2 Na6 8. 0-0 Nf6 9. Be3 0-0 10. Nd2 e5 11. a3 Ne8 12. b4 f5 13. f3 Nb8 14. c5 f4 15. Bf2 axb4 16. axb4 Rxa1 17. Qxa1 g5 18. Nc4 Nd7 19. Qa8 Bf6 20. c6 bxc6 21. dxc6 Nb6 22. Nxb6 cxb6 23. Qb8 Be6 24. Qxb6 Qa8 25. Qa6 Qxa6 26. Bxa6 Nc7 27. Bb7 Bc4 28. Rd1 h5 29. Bb6 Na8 30. Ba5 g4 31. c7 1-0

[Event "BEL-ch op"]
[Site "Antwerp"]
[Date "2013.07.11"]
[Round "6"]
[White "Van der Stricht, Jan"]
[Black "Mollekens, Roeland"]
[Result "1/2-1/2"]
[WhiteElo "1890"]
[BlackElo "2045"]
[PlyCount "58"]
[EventDate "2013.07.06"]
[EventType "swiss"]
[EventRounds "9"]
[EventCountry "BEL"]
[SourceTitle "CBM 155 Extra"]
[Source "ChessBase"]
[SourceDate "2013.08.26"]
[SourceVersion "1"]
[SourceVersionDate "2013.08.26"]
[SourceQuality "1"]

1. g3 e5 2. Bg2 d5 3. d3 c5 4. c4 d4 5. e4 Nc6 6. f4 exf4 7. Bxf4 Bd6 8. Nf3 Nge7 9. 0-0 Ng6 10. e5 Be7 11. Re1 Bf5 12. a3 Qd7 13. Qe2 0-0 14. Nbd2 Rfe8 15. Qf1 Bf8 16. Ne4 Bg4 17. Neg5 h6 18. e6 Bxe6 19. Nxe6 fxe6 20. Ne5 Ncxe5 21. Bxe5 Nxe5 22. Rxe5 Bd6 23. Re2 e5 24. Qf3 Rab8 25. Rf1 Rf8 26. Qd5+ Kh8 27. Ref2 Rxf2 28. Rxf2 Rd8 29. Rf7 Qg4 1/2-1/2

[Event "Brasschaat op 12th"]
[Site "Brasschaat"]
[Date "2012.08.19"]
[Round "2"]
[White "Van der Stricht, Jan"]
[Black "Van Riemsdijk, Herman Claudius"]
[Result "0-1"]
[WhiteElo "1898"]
[BlackElo "2404"]
[PlyCount "68"]
[EventDate "2012.08.18"]
[EventType "swiss"]
[EventRounds "9"]
[EventCountry "BEL"]
[SourceTitle "CBM 150 Extra"]
[Source "ChessBase"]
[SourceDate "2012.10.19"]
[SourceVersion "1"]
[SourceVersionDate "2012.10.19"]
[SourceQuality "1"]

1. d3 d5 2. c3 Nf6 3. Bg5 Nbd7 4. Nf3 h6 5. Bxf6 Nxf6 6. e3 c6 7. Nbd2 Bf5 8. Be2 e6 9. Qb3 Qc7 10. d4 Bd6 11. c4 0-0 12. Rc1 a5 13. c5 Be7 14. Ne5 Nd7 15. Nxd7 Qxd7 16. f4 a4 17. Qd1 b6 18. g4 Bh7 19. cxb6 Qb7 20. 0-0 Qxb6 21. b3 Ba3 22. Rb1 c5 23. f5 exf5 24. bxa4 Qe6 25. Rb3 Rxa4 26. Nb1 c4 27. gxf5 Qe8 28. Nxa3 cxb3 29. Qxb3 Qa8 30. Nb5 Rxa2 31. Nc3 Ra3 32. Qb2 Rb8 33. Qd2 Qa5 34. Rc1 Bxf5 0-1

[Event "Brasschaat op 10th"]
[Site "Brasschaat"]
[Date "2010.08.18"]
[Round "5"]
[White "Van der Stricht, Jan"]
[Black "Schuermans, Robert"]
[Result "0-1"]
[WhiteElo "1932"]
[BlackElo "2104"]
[PlyCount "60"]
[EventDate "2010.08.14"]
[EventType "swiss"]
[EventRounds "9"]
[EventCountry "BEL"]
[SourceTitle "CBM 138 Extra"]
[Source "ChessBase"]
[SourceDate "2010.10.29"]
[SourceVersion "1"]
[SourceVersionDate "2010.10.29"]
[SourceQuality "1"]

1. e4 e5 2. Nf3 Nc6 3. Bb5 f5 4. d3 fxe4 5. dxe4 Nf6 6. 0-0 d6 7. Qd3 Bg4 8. Nc3 Bxf3 9. gxf3 g5 10. Kh1 h6 11. f4 gxf4 12. Bxf4 exf4 13. e5 dxe5 14. Qg6+ Ke7 15. Bxc6 bxc6 16. Rfe1 Qd6 17. Qf5 Nd7 18. Qxf4 Bg7 19. Rad1 Qe6 20. Qb4+ Kf7 21. f4 Rhb8 22. Qe4 Kg8 23. Rg1 Nf8 24. fxe5 Kh8 25. Qg2 Bxe5 26. Rde1 Nh7 27. Qe4 Re8 28. Rg6 Qh3 29. Re2 Ng5 30. Rxg5 hxg5 0-1

[Event "Brasschaat op 10th"]
[Site "Brasschaat"]
[Date "2010.08.15"]
[Round "2"]
[White "Dardha, Arben"]
[Black "Van der Stricht, Jan"]
[Result "1-0"]
[WhiteElo "2290"]
[BlackElo "1932"]
[PlyCount "45"]
[EventDate "2010.08.14"]
[EventType "swiss"]
[EventRounds "9"]
[EventCountry "BEL"]
[SourceTitle "CBM 138 Extra"]
[Source "ChessBase"]
[SourceDate "2010.10.29"]
[SourceVersion "1"]
[SourceVersionDate "2010.10.29"]
[SourceQuality "1"]

1. e4 d5 2. exd5 Qxd5 3. Nc3 Qa5 4. d4 Nf6 5. Bc4 Bf5 6. Bd2 c6 7. Nf3 e6 8. 0-0 Qc7 9. Re1 Nbd7 10. Ne5 Nb6 11. Bb3 Bd6 12. Qf3 0-0-0 13. Bg5 h6 14. Bxf6 gxf6 15. Nxf7 Bxh2+ 16. Kf1 Qxf7 17. Qxf5 exf5 18. Bxf7 Bc7 19. Rad1 f4 20. Re7 Rdf8 21. Be6+ Kd8 22. Rg7 h5 23. d5 1-0

[Event "Brasschaat op 03rd"]
[Site "Brasschaat"]
[Date "2003.08.24"]
[Round "2"]
[White "Sadkowsky, Daniel"]
[Black "Van der Stricht, Jan"]
[Result "1/2-1/2"]
[WhiteElo "2377"]
[BlackElo "1972"]
[PlyCount "41"]
[EventDate "2003.08.24"]
[EventType "swiss"]
[EventRounds "9"]
[EventCountry "BEL"]
[SourceTitle "EXT 2017"]
[Source "ChessBase"]
[SourceDate "2016.10.25"]
[SourceVersion "1"]
[SourceVersionDate "2016.10.25"]
[SourceQuality "1"]

1. d4 d5 2. c4 e6 3. Nc3 c5 4. cxd5 exd5 5. Nf3 Nc6 6. g3 Nf6 7. Bg2 Be7 8. 0-0 0-0 9. Bg5 c4 10. Ne5 Be6 11. Nxc6 bxc6 12. Qc2 Qd6 13. e4 h6 14. Bxf6 gxf6 15. Rad1 Rfd8 16. Rfe1 Rab8 17. Rd2 Qc7 18. h3 dxe4 19. Qxe4 Qc8 20. Kh2 Bf5 21. Qxc6 1/2-1/2

[Event "Brasschaat op 03rd"]
[Site "Brasschaat"]
[Date "2003.08.??"]
[Round "4"]
[White "Smet, Lievin"]
[Black "Van der Stricht, Jan"]
[Result "0-1"]
[WhiteElo "1833"]
[BlackElo "1972"]
[PlyCount "64"]
[EventDate "2003.08.24"]
[EventType "swiss"]
[EventRounds "9"]
[EventCountry "BEL"]
[SourceTitle "EXT 2017"]
[Source "ChessBase"]
[SourceDate "2016.10.25"]
[SourceVersion "1"]
[SourceVersionDate "2016.10.25"]
[SourceQuality "1"]

1. c4 e6 2. Nc3 d5 3. d4 c5 4. Nf3 Nf6 5. Bg5 cxd4 6. Bxf6 Qxf6 7. Qxd4 Qxd4 8. Nxd4 Bb4 9. Ndb5 Bxc3+ 10. bxc3 Na6 11. Nd6+ Ke7 12. Nxc8+ Raxc8 13. cxd5 exd5 14. Rb1 Nc5 15. f3 b6 16. Rb4 Ne6 17. Kd2 Rc5 18. e3 Rhc8 19. Ba6 R8c6 20. Rc1 Ra5 21. Bd3 Rxa2+ 22. Rc2 Rxc2+ 23. Kxc2 Rc5 24. Bf5 Kd6 25. Bxe6 fxe6 26. h4 Rc4 27. f4 Rxb4 28. cxb4 a5 29. Kb3 e5 30. f5 Ke7 31. h5 Kf6 32. g4 h6 0-1